| 000 | 00513nam a22001697a 4500 | ||
|---|---|---|---|
| 003 | BD-ChCU | ||
| 005 | 20251228125003.0 | ||
| 008 | 251228b bg ||||| |||| 00| 0 ben d | ||
| 040 | _cBD-ChCU | ||
| 082 | _a363.58 STT | ||
| 100 |
_aStrassmann, W. Paul. _918405 |
||
| 245 |
_aThe transformation of urban housing the experience of upgrading in cartage.// _cW. Paul Strassmann. |
||
| 260 |
_aBaltimore. _bJohn Hopkins. _c1982 |
||
| 300 | _axiv, 225p | ||
| 650 | 0 |
_aHousing - Colombia. _918406 |
|
| 942 |
_2ddc _cBK _n0 |
||
| 999 |
_c110588 _d110588 |
||